01582nam a2200397 a 4500001001200000003000800012006001900020007001500039008004100054010001700095020003600112020003300148020004100181020003800222020001800260040002100278035002100299043001200320050002500332082002100357100002000378245015500398260007800553300001600631504005100647533015200698650003300850650003300883650003200916655002900948700002000977700002700997710001701024856012601041999001701167ebr10651482CaPaEBRm u cr cn|||||||||121214s2013 miu sb 001 0 eng d z 2012049811 z9780880994118 (pbk. alk. paper) z0880994118 (pbk. alk. paper) z9780880994125 (hardcover alk. paper) z0880994126 (hardcover alk. paper) z9780880994187 aCaPaEBRcCaPaEBR a(OCoLC)834136868 an-us---14aHD5724b.B337 2013eb04a331.13/609732231 aBarnow, Burt S.10aOccupational labor shortagesh[electronic resource] :bconcepts, causes, consequences, and cures /cBurt S. Barnow, John Trutko, Jaclyn Schede Piatak. aKalamazoo, Mich. :bW.E. Upjohn Institute for Employment Research,c2013. axii, 209 p. aIncludes bibliographical references and index. aElectronic reproduction.bPalo Alto, Calif. :cebrary,d2013.nAvailable via World Wide Web.nAccess may be limited to ebrary affiliated libraries. 0aLabor supplyzUnited States. 0aLabor marketzUnited States. 0aOccupationszUnited States. 7aElectronic books.2local1 aTrutko, John W.1 aPiatak, Jaclyn Schede.2 aebrary, Inc.40uhttp://site.ebrary.com/lib/rucke/Doc?id=10651482zAn electronic book accessible through the World Wide Web; click to view c73963d73963